| 000 | nam a22 7a 4500 | ||
|---|---|---|---|
| 999 |
_c129803 _d129803 |
||
| 008 | 190905b xxu||||| |||| 00| 0 eng d | ||
| 050 |
_aSPC. DT1.T50 _bM939 |
||
| 100 |
_aMtombeni, Bonginkosi _948060 |
||
| 245 |
_aIf necessity is the mother of invention, systematic aid to africa ought to be stopped, Tanzania, a case study _cBonginkosi Mthombeni |
||
| 260 |
_aHarare _bArrupe College _c2016 |
||
| 300 |
_axiii, 132p. ; _c31p. |
||
| 500 | _aThesis | ||
| 651 |
_aTanzania _xEconomic development _948061 |
||
| 942 |
_2lcc _cMONOGRAPH |
||